| 000 | 00000nam 2200000za 4500 |
| 001 | 9.818247 |
| 003 | CaOODSP |
| 005 | 20221107142654 |
| 007 | cr ||||||||||| |
| 008 | 160525s1987 onc |o f|0| 0 eng d |
| 020 | |z0-660-12649-4 |
| 040 | |aCaOODSP|beng |
| 043 | |an-cn--- |
| 086 | 1 |aCP32-53/1987E-PDF |
| 245 | 00|aCommission of Inquiry into the Facts of Allegations of Conflict of Interest Concerning the Honourable Sinclair M. Stevens |h[electronic resource]. |
| 260 | |a[Toronto] :|bThe Commission,|c1987. |
| 300 | |a[455] p. : |bill. |
| 500 | |aIssued also in French under title: Commission d'enquête sur les faits reliés à des allégations de conflit d'intérêts concernant l'honorable Sinclair M. Stevens. |
| 500 | |aThe catalogue number (CP32-53/1987E) and ISBN (0-660-12649-4) for the print edition have been copied in this electronic publication. |
| 500 | |aCommonly known as the Parker Commission. |
| 500 | |aW.D. Parker, Commissioner. |
| 504 | |aIncludes bibliographic references. |
| 692 | 07|2gccst|aConflicts of interest |
| 700 | 1 |aParker, W. D. |
| 710 | 1 |aCanada.|bPrivy Council. |
| 710 | 1 |aCanada. |bCommission of Inquiry into the Facts of Allegations of Conflict of Interest Concerning the Honourable Sinclair M. Stevens (Canada). |
| 775 | 08|tCommission d'enquête sur les faits reliés à des allégations de conflit d'intérêts concernant l'honorable Sinclair M. Stevens |w(CaOODSP)9.818251 |
| 856 | 40|qPDF|s9.97 MB|uhttps://publications.gc.ca/collections/collection_2016/bcp-pco/CP32-53-1987-1-eng.pdf |
| 856 | 40|qPDF|s6.73 MB|uhttps://publications.gc.ca/collections/collection_2016/bcp-pco/CP32-53-1987-2-eng.pdf |
| 856 | 40|qPDF|s4.80 MB|uhttps://publications.gc.ca/collections/collection_2016/bcp-pco/CP32-53-1987-3-eng.pdf |